000 00489nam a2200181Ia 4500
001 2298
005 20260306144756.0
008 260306t2016||||xx |||||||||||||| ||spa||
041 _aESP
082 _a616.858
_bB27
100 _aBateman, Anthony
_eAUT
245 0 _aTratamiento basado en la mentalización para trastornos de la personalidad:
_buna guía práctica
260 _c2016
300 _a658 páginas :
_c21 cm.
650 _aGEN
654 _aCPS
942 _cLIB
_dJUS
_fJUS
_2ddc
_n
999 _c2298
_d2298